|
|
|
|
| LEADER |
01829nam a2200397 i 4500 |
| 001 |
EBC4562290 |
| 003 |
MiAaPQ |
| 005 |
20200520144314.0 |
| 006 |
m o d | |
| 007 |
cr cnu|||||||| |
| 008 |
181017s2014 at a o 000 0 eng d |
| 020 |
|
|
|z 9781925021318
|
| 020 |
|
|
|a 9781925021325
|q (electronic bk.)
|
| 035 |
|
|
|a (MiAaPQ)EBC4562290
|
| 035 |
|
|
|a (Au-PeEL)EBL4562290
|
| 035 |
|
|
|a (CaPaEBR)ebr11584901
|
| 035 |
|
|
|a (OCoLC)1042321482
|
| 040 |
|
|
|a MiAaPQ
|b eng
|e rda
|e pn
|c MiAaPQ
|d MiAaPQ
|
| 050 |
|
4 |
|a HD75
|b .M437 2014
|
| 082 |
0 |
|
|a 338.9
|2 23
|
| 245 |
0 |
0 |
|a Measuring and promoting wellbeing :
|b how important is economic growth? essays in honour of Ian Castles AO and a selection of Castle's papers /
|c edited by Andrew Podger and Dennis Trewin for the Academy of Social Sciences in Australia.
|
| 264 |
|
1 |
|a Canberra, ACT :
|b ANU E Press,
|c [2014]
|
| 264 |
|
4 |
|c 2014
|
| 300 |
|
|
|a 1 online resource (796 pages) :
|b illustrations
|
| 336 |
|
|
|a text
|b txt
|2 rdacontent
|
| 337 |
|
|
|a computer
|b c
|2 rdamedia
|
| 338 |
|
|
|a online resource
|b cr
|2 rdacarrier
|
| 588 |
|
|
|a Description based on print version record.
|
| 590 |
|
|
|a Electronic reproduction. Ann Arbor, MI : ProQuest, 2018. Available via World Wide Web. Access may be limited to ProQuest affiliated libraries.
|
| 650 |
|
0 |
|a Economic development
|x Social aspects.
|
| 655 |
|
4 |
|a Electronic books.
|
| 700 |
1 |
|
|a Podger, A. S.
|q (Andrew S.),
|e editor.
|
| 700 |
1 |
|
|a Trewin, Dennis,
|e editor.
|
| 776 |
0 |
8 |
|i Print version:
|t Measuring and promoting wellbeing : how important is economic growth? : essays in honour of Ian Castles AO and a selection of Castle's papers.
|d Canberra, ACT : ANU Press, c2014
|h 796 pages
|z 9781925021318
|
| 797 |
2 |
|
|a ProQuest (Firm)
|
| 856 |
4 |
0 |
|u https://ebookcentral.proquest.com/lib/matrademy/detail.action?docID=4562290
|z Click to View
|